000 00570nam a2200181Ia 4500
008 151018s9999 xx 000 0 und d
082 _bRBASDV17566
_a891.463
100 _aगुरुनाथ - नाईक
245 _aअघटीत
250 _b1
260 _bबांदोडकर पब्लिशिंग कंपनी मुंबई
_c1983
300 _a251
600 _aगुरुनाथ - नाईक
630 _aअघटीत
700 _aगुरुनाथ - नाईक
730 _aअघटीत
942 _cBOOK
999 _c1018244
_d1018241